Equilibrium search with continuous productivity dispersion (Registro nro. 7351)
[ vista simple ]
| 000 -CABECERA | |
|---|---|
| Longitud fija campo de control | 01567nam a2200409 c 4500 |
| 001 - NÚMERO DE CONTROL | |
| Número de control | 7351 |
| 003 - IDENTIFICADOR DE NÚMERO DE CONTROL | |
| Identificador del número de control | ES-MaCES |
| 005 - FECHA Y HORA DE LA ÚLTIMA TRANSACCIÓN | |
| Fecha y hora de la última transacción | 20150925133407.0 |
| 008 - CAMPO FIJO DE DESCRIPCIÓN FIJA--INFORMACIÓN GENERAL | |
| Códigos de información de longitud fija | 981013s1998 dk d ||| | eng d |
| 035 ## - NÚMERO DE CONTROL DEL SISTEMA | |
| Número de control del sistema | CES19980074247m |
| 040 ## - FUENTE DE CATALOGACIÓN | |
| Centro catalogador de origen | ES-MaCES |
| Lengua de catalogación | spa |
| Centro transcriptor | ES-MaCES |
| 100 1# - ENCABEZAMIENTO PRINCIPAL--NOMBRE PERSONAL | |
| Nombre de persona | Bontemps, Christian |
| 9 (RLIN) | 8061 |
| 245 10 - MENCIÓN DE TÍTULO | |
| Título | Equilibrium search with continuous productivity dispersion |
| Resto del título | : theory and non-parametric estimation |
| Mención de responsabilidad, etc. | Christian Bontemps, Jean-Marc Robin and Gerard J. van den Berg |
| 260 ## - PUBLICACIÓN, DISTRIBUCIÓN, ETC (PIE DE IMPRENTA) | |
| Lugar de publicación, distribución, etc. | Aarhus C. (Dinamarca) |
| Nombre del editor, distribuidor, etc. | Centre for Labour Market and Social Research |
| Fecha de publicación, distribución, etc. | 1998 |
| 300 ## - DESCRIPCIÓN FÍSICA | |
| Extensión | 2 v. (36, 11 p.) |
| Otras características físicas | gráf. |
| Dimensiones | 21, 30 cm |
| 490 1# - MENCIÓN DE SERIE | |
| Mención de serie | Working paper |
| Designación de volumen o secuencia | 98-07 |
| 504 ## - NOTA DE BIBLIOGRAFÍA, ETC. | |
| Nota de bibliografía, etc. | Bibliografía |
| 505 0# - NOTA DE CONTENIDO FORMATEADA | |
| Nota de contenido con formato | Contiene: I. -- II. Appendix |
| 541 ## - NOTA DE LA FUENTE INMEDIANTE DE ADQUISICIÓN | |
| Forma de adquisición | Gratuito |
| 650 #4 - ASIENTO SECUNDARIO DE MATERIA--TÉRMINO DE MATERIA | |
| Término de materia o nombre geográfico como elemento inicial | mercado de trabajo |
| 9 (RLIN) | 28292 |
| 650 #4 - ASIENTO SECUNDARIO DE MATERIA--TÉRMINO DE MATERIA | |
| Término de materia o nombre geográfico como elemento inicial | oferta de mano de obra |
| 9 (RLIN) | 28294 |
| 650 #4 - ASIENTO SECUNDARIO DE MATERIA--TÉRMINO DE MATERIA | |
| Término de materia o nombre geográfico como elemento inicial | movilidad de la mano de obra |
| 9 (RLIN) | 28354 |
| 650 #4 - ASIENTO SECUNDARIO DE MATERIA--TÉRMINO DE MATERIA | |
| Término de materia o nombre geográfico como elemento inicial | salario |
| 9 (RLIN) | 28387 |
| 650 #4 - ASIENTO SECUNDARIO DE MATERIA--TÉRMINO DE MATERIA | |
| Término de materia o nombre geográfico como elemento inicial | productividad del trabajo |
| 9 (RLIN) | 28214 |
| 650 #4 - ASIENTO SECUNDARIO DE MATERIA--TÉRMINO DE MATERIA | |
| Término de materia o nombre geográfico como elemento inicial | equilibrio económico |
| 9 (RLIN) | 27100 |
| 650 #4 - ASIENTO SECUNDARIO DE MATERIA--TÉRMINO DE MATERIA | |
| Término de materia o nombre geográfico como elemento inicial | modelo econométrico |
| 9 (RLIN) | 29368 |
| 650 #4 - ASIENTO SECUNDARIO DE MATERIA--TÉRMINO DE MATERIA | |
| Término de materia o nombre geográfico como elemento inicial | cuadros estadísticos |
| 9 (RLIN) | 28890 |
| 653 10 - TÉRMINO DE INDEXACIÓN--NO CONTROLADO | |
| Término no controlado | Relaciones laborales-Empleo |
| 650 #4 - ASIENTO SECUNDARIO DE MATERIA--TÉRMINO DE MATERIA | |
| 9 (RLIN) | 28178 |
| Término de materia o nombre geográfico como elemento inicial | empresa |
| 700 1# - ENCABEZAMIENTO SECUNDARIO--NOMBRE PERSONAL | |
| Nombre de persona | Robin, Jean-Marc |
| 9 (RLIN) | 22165 |
| 700 1# - ENCABEZAMIENTO SECUNDARIO--NOMBRE PERSONAL | |
| Nombre de persona | Berg, Gerard J. van den |
| 9 (RLIN) | 7581 |
| 710 2# - ENCABEZAMIENTO SECUNDARIO--NOMBRE CORPORATIVO | |
| Nombre de entidad o nombre de jurisdicción como elemento inicial | Centre for Labour Market and Social Research (Dinamarca) |
| Término indicativo de función | ed. |
| 9 (RLIN) | 1835 |
| 830 #0 - ENCABEZAMIENTO SECUNDARIO DE COLECCIÓN--TÍTULO UNIFORME | |
| Título uniforme | Working paper (Centre for Labour Market and Social Research (Dinamarca)) |
| Designación de volumen o secuencia | 98-07 |
| 9 (RLIN) | 32631 |
| 902 ## - CES. TIPO DE DOCUMENTO | |
| Tipodoc (006$c Sirtex) | DOC Literatura gris |
| 942 ## - ELEMENTOS KOHA | |
| Fuente de clasificaión o esquema | Clasificación propia del CES |
| Koha [por defecto] tipo de item | Monografías |
| Parte de clasificación | 2.0. |
| Número de registro | Signatura completa | Número de copia | Tipo de item de Koha |
|---|---|---|---|
| 027012 | DOC-2.0.-97 | 0001 | Monografías |
| 027270 | DOC-2.0.-100 | 0002 | Monografías |
